000 00623nam a2200241Ia 4500
005 20250425162203.0
008 250425s9999 xx 000 0 und d
020 _a9875222437
041 _aspa
043 _aag
082 _a641.6
_pCAM
100 _aCamsong, Thidavadee
245 0 _aCocina Tailandesa
_cCamsong, Thidavadee
250 _aPrimera edicón
260 _aArgentina
_bVISOR
_c2002
300 _a79 página
_bilustración
_c28 cm
650 _aRecetas de cocina
650 _aTailandia
700 _aSleigh, Silvia
_eTraductor
902 _aMonográfico
_cImpreso
942 _c01
010 _a54873
999 _c224094
_d224094